| 000 | 00931nam a2200217 a 4500 | ||
|---|---|---|---|
| 003 | AM-YEHGA | ||
| 005 | 20250617164608.0 | ||
| 008 | 180806s2018 ai a|||| |||||||||0|fre|d | ||
| 020 | _a9789939850153 | ||
| 040 | _aAM-YeHGA | ||
| 041 | 0 | _afre | |
| 100 | 1 |
_aՕրմանյան, Մաղաքիա _d1841-1918 |
|
| 245 | 1 | 2 |
_aL'église Arménienne : _bSon histoire, sa doctrine, son régime, sa discipline, sa liturgie, sa littérature, son présent / _cMalachia Ormanian. |
| 246 | 1 | 5 | _aՀայոց եկեղեցին և իր պատմությունը, վարդապետությունը, վարչությունը, բարեկարգությունը, արարողությունը, գրականությունն ու ներկա կացությունը |
| 260 |
_aYerevan : _bAnkyunacar, _c2018. |
||
| 300 |
_a252 p. : _bill. ; _c21 cm. |
||
| 650 | 1 | 4 |
_aArmenian Apostolic Church _xHistory |
| 942 |
_2udc _cBK |
||
| 001 | 1388219 | ||
| 090 | _c563930 | ||
| 999 |
_c526341 _d526341 |
||